000 00298nam a22001337a 4500
008 170502b xxu||||| |||| 00| 0 eng d
020 _a9780314195654
041 _aeng
080 _22ND
_a34
100 _a14
101 _aSHJ
245 _aCONTEMPORARY FAMILY LAW
_cABRAMS, D.E
942 _2udc
_cBK
999 _c12397
_d12397